[Event "Kazan-ch op 85th"]
[Site "Kazan"]
[Date "2008.11.25"]
[Round "3"]
[White "Kotov, Ivan F"]
[Black "Sadykov, Rustem"]
[Result "0-1"]
[WhiteElo "2309"]
[BlackElo "2095"]
[PlyCount "90"]
[EventDate "2008.11.22"]
[EventType "swiss"]
[EventRounds "11"]
[EventCountry "RUS"]
[SourceTitle "EXT 2022"]
[Source "ChessBase"]
[SourceDate "2021.10.06"]
[SourceVersion "1"]
[SourceVersionDate "2021.10.06"]
[SourceQuality "1"]

1. d4 d5 2. c4 c6 3. Nf3 Nf6 4. g3 g6 5. Bg2 Bg7 6. Nc3 0-0 7. 0-0 dxc4 8. a4 Na6 9. Ne5 Ng4 10. Nf3 e5 11. dxe5 Nxe5 12. Bf4 Nxf3+ 13. Bxf3 Qa5 14. Qc2 Bf5 15. Be4 Be6 16. Bg2 Nb4 17. Qc1 Rfd8 18. Ne4 Nd5 19. Bg5 Rd7 20. Bd2 Qb6 21. Rb1 Nb4 22. Bg5 Nd5 23. Rd1 f5 24. Nd2 c3 25. bxc3 Nxc3 26. Rxb6 Nxe2+ 27. Kh1 Nxc1 28. Rxb7 Rxb7 29. Bxc6 Rbb8 30. Rxc1 Rc8 31. Kg1 Rab8 32. Be3 a5 33. h4 Bd7 34. Bd5+ Kh8 35. Nc4 Bxa4 36. Bf4 Rb5 37. Be6 Rc6 38. Re1 Bc3 39. Re2 Rb1+ 40. Kh2 Bb5 41. Bd7 Rxc4 42. Re8+ Kg7 43. Re7+ Kf8 44. Re8+ Kg7 45. Re7+ Kf8 0-1

[Event "Kazan City-ch"]
[Site "Kazan"]
[Date "2007.12.13"]
[Round "11"]
[White "Kotov, Ivan F"]
[Black "Abdullin, Renat"]
[Result "1/2-1/2"]
[WhiteElo "2309"]
[BlackElo "2147"]
[PlyCount "29"]
[EventDate "2007.11.24"]
[EventType "swiss"]
[EventRounds "11"]
[EventCountry "RUS"]
[SourceTitle "EXT 2009"]
[Source "ChessBase"]
[SourceDate "2008.11.26"]
[SourceVersion "1"]
[SourceVersionDate "2008.11.26"]
[SourceQuality "1"]

1. d4 d5 2. Nf3 e6 3. c4 Nf6 4. Nc3 Be7 5. e3 0-0 6. Bd3 Nbd7 7. 0-0 b6 8. b3 Bb7 9. Bb2 c5 10. cxd5 cxd4 11. exd4 Nxd5 12. Ne2 Bf6 13. Rc1 Rc8 14. Rxc8 Qxc8 15. Qc1 1/2-1/2

[Event "Kazan City-ch"]
[Site "Kazan"]
[Date "2007.11.29"]
[Round "4"]
[White "Sadykov, Ramil"]
[Black "Kotov, Ivan F"]
[Result "1-0"]
[WhiteElo "2133"]
[BlackElo "2309"]
[PlyCount "71"]
[EventDate "2007.11.24"]
[EventType "swiss"]
[EventRounds "11"]
[EventCountry "RUS"]
[SourceTitle "EXT 2009"]
[Source "ChessBase"]
[SourceDate "2008.11.26"]
[SourceVersion "1"]
[SourceVersionDate "2008.11.26"]
[SourceQuality "1"]

1. e4 c5 2. Nf3 d6 3. d4 cxd4 4. Nxd4 Nf6 5. Nc3 g6 6. Be3 Bg7 7. Bc4 Ng4 8. Bb5+ Kf8 9. 0-0 a6 10. Bc4 h5 11. a3 Ne5 12. Bb3 Nbc6 13. f4 Nxd4 14. Bxd4 Nc6 15. Bxg7+ Kxg7 16. f5 g5 17. f6+ exf6 18. Qd2 Be6 19. Rad1 Qb6+ 20. Kh1 Rad8 21. Rf2 h4 22. Rdf1 Rh6 23. Nd1 Qd4 24. Qe2 Ne5 25. c3 Qd3 26. Qe1 Qb5 27. Bc2 Bc4 28. Rg1 Ba2 29. Ne3 Be6 30. b3 Rg6 31. c4 Qc5 32. Nd5 g4 33. Nxf6 g3 34. Nh5+ Kh6 35. Bd1 Rg4 36. Rf6+ 1-0